00543nam a2200193 a 4500001001300000003000900013005001700022008004100039020002300080082002100103100002600124245003900150260004900189300001000238500003500248505002400283650001600307700002600323nice12345678IN_TiNIC20260116014716.0130107s2012 dela grp 000 0 eng  a9789380963495c85000a306.0899145bCHO aChoudhary, Sampat Roy aSocial Inequality and Caste System aDelhi bSignature Books International c2012 a248p  aincludes index and biblioraphy2 aBibliography, Index aCaste-India1 aChoudhary, Sampat Roy